Secrets of the Millionaire Mind (Record no. 12201)

MARC details
000 -LEADER
fixed length control field 00378nam a22001577a 4500
003 - CONTROL NUMBER IDENTIFIER
control field OSt
008 - FIXED-LENGTH DATA ELEMENTS--GENERAL INFORMATION
fixed length control field 240127b |||||||| |||| 00| 0 eng d
020 ## - INTERNATIONAL STANDARD BOOK NUMBER
International Standard Book Number 9780749927899
082 ## - DEWEY DECIMAL CLASSIFICATION NUMBER
Classification number 332.2401
Item number EKS
100 ## - MAIN ENTRY--PERSONAL NAME
Personal name EKER,T. Harv
245 ## - TITLE STATEMENT
Title Secrets of the Millionaire Mind
250 ## - EDITION STATEMENT
Edition statement 1st Ed
260 ## - PUBLICATION, DISTRIBUTION, ETC. (IMPRINT)
Place of publication, distribution, etc Great Britin
Name of publisher, distributor, etc Piatkus Books
Date of publication, distribution, etc 2005
300 ## - PHYSICAL DESCRIPTION
Extent 202
942 ## - ADDED ENTRY ELEMENTS (KOHA)
Source of classification or shelving scheme Dewey Decimal Classification
Koha item type Text Books
Holdings
Withdrawn status Lost status Source of classification or shelving scheme Damaged status Not for loan Collection code Home library Current library Date acquired Source of acquisition Currency Cost, normal purchase price Bill Number Total Checkouts Full call number Acc. no. / Barcode Date last seen Actual Cost, discounted price Bill Date Koha item type Date last borrowed
    Dewey Decimal Classification     GENERAL PIET C-LIBRARY PIET C-LIBRARY 13/01/2024 Zafaa Books and Distributors In rupees 499.00 ZBD0321   332.2401 EKS 35416 27/01/2024 349.30 13/01/2024 Reference Books  
    Dewey Decimal Classification     GENERAL PIET C-LIBRARY PIET C-LIBRARY 13/01/2024 Zafaa Books and Distributors In rupees 499.00 ZBD0321 5 332.2401 EKS 35417 23/01/2026 349.30 13/01/2024 Text Books 16/01/2026

Design & Developed by: PIET Central Library
R70 Miles Stone Pattikalyana Samalkha Panipat 132102
mail ID :- [email protected], Phone No:- 0180-2569700 Ex.216